| 000 | 01601nam a22003734i 4500 | ||
|---|---|---|---|
| 999 |
_c63692 _d63692 |
||
| 001 | 768714001 | ||
| 003 | CO-MdFUSB | ||
| 005 | 20200415153319.0 | ||
| 007 | cr cn||||||||| | ||
| 008 | 130716t2013 sp gs 000 0 spa d | ||
| 020 |
_a9788498307818 _qelectrónico |
||
| 040 |
_aCO-MdFUSBC _bspa. _cCO-MdFUSB _dCO-MdFUSBC _erda |
||
| 041 | _aspa | ||
| 082 | 0 | 4 |
_a211 _223 |
| 100 | 1 |
_aVitoria Cormenzana, F. Javier. _eautor |
|
| 245 | 1 | 3 |
_aQué decimos cuando hablamos de… el Dios Cristiano : _bun dios misericordioso a disposición incondicional de la humanidad _c/ F. Javier Vitoria Cormenzana _h[recurso electrónico] |
| 264 | 1 |
_aEspaña : _bUniversidad de Deusto, _c[2013] |
|
| 264 | 4 | _c© 2013 | |
| 300 |
_arecurso en línea (páginas) _c; |
||
| 336 |
_2rdacontent _atexto _btxt |
||
| 337 |
_2rdamedia _ainformático _bc |
||
| 338 |
_2rdacarrier _aremoto _bcr |
||
| 347 |
_2rda _afichero de texto _bhmtl |
||
| 490 | 1 | _aCuadernos de Teología Deusto | |
| 505 | _aBreves notas a modo de introducción. -- Dios acontece a y en Jesús de Nazaret. -- El Dios que acontece en Jesucristo. La misericordia incondicional que Dios es. | ||
| 516 | _aTexto electrónico | ||
| 538 | _aAcceso a Internet; requiere usuario y clave asignada por la biblioteca | ||
| 650 | 4 | _aTeología. | |
| 830 |
_aCuadernos de Teología Deusto _v34 |
||
| 856 | 4 | 0 |
_uhttp://site.ebrary.com/lib/unisbcsp/Doc?id=10732354 _b10732354 _zAbrir Versión electrónica del libro Qué decimos cuando hablamos de… el Dios Cristiano |
| 942 | _cBK | ||
| 945 | _aJTF-925 | ||